| 000 | 01119nam a2200301 c 4500 | ||
|---|---|---|---|
| 003 | BLK | ||
| 005 | 20180420214201.0 | ||
| 008 | 180412b bul|||||r ||||||| ||bul|| | ||
| 010 | _aKNG00008482000 | ||
| 020 |
_a954-8251-25-6 _bиздат.: Аполо прес |
||
| 040 | _aBLK | ||
| 041 |
_aBUL _cBUL |
||
| 080 |
_aАмериканска литература (на САЩ) _b821.111(73) _x-312.4 _z821.111(73)-312.4 |
||
| 100 | 1 |
_aЛеймън, Ричард _eпърви автор _988235 |
|
| 700 | 1 |
_aБожанова, Ивайла Русева _eпрев. от англ. _9252315 |
|
| 139 |
_aЛеймън, Ричард _bЛ 40 |
||
| 245 | 1 | 0 |
_aПлът _b[Роман] _cРичард Леймън; прев. от англ. Ивайла Русева Божанова. |
| 257 | _aUSA | ||
| 260 |
_аСофия _bАполо прес _c1995 |
||
| 300 |
_a316 с. _c20 см |
||
| 380 | _aX | ||
| 500 | _aОриг. загл. Flesh / Richard Laymon . | ||
| 852 | _aЦб 182078 | ||
| 856 | 4 |
_qpdf _u |
|
| 856 | 4 |
_qpdf _u |
|
| 942 |
_cKNG _n0 |
||
| 944 |
_aCR _c15.01.2003 _lф / _kВиолета_Тройчева |
||
| 944 |
_aED _c16.02.2011 _lф / _k |
||
| 999 |
_c7207 _d7207 |
||